Statistics for Strongest Military in each Region

Click here to take the quiz!

General Stats

  • This quiz has been taken 113 times
  • The average score is 15 of 20

Answer Stats

HintAnswer% Correct
Asia (excl. Russia)China
100%
EUFrance
98%
WorldUnited States
98%
ScandinaviaSweden
97%
EuropeRussia
96%
AfricaEgypt
95%
Southern EuropeItaly
95%
Latin AmericaBrazil
93%
Southeast AsiaIndonesia
86%
Muslim-Majority CountriesPakistan
85%
CaribbeanCuba
82%
Spanish-Speaking Latin AmericaColombia
77%
Middle East (excl. N Africa)Turkey
75%
Central AmericaGuatemala
68%
Sub-Saharan AfricaSouth Africa
68%
Eastern Europe (excl. Russia)Poland
63%
Countries under 100M PeopleSouth Korea
34%
Countries under 10M PeopleIsrael
29%
Countries under 2M PeopleBahrain
10%
Countries under 5M PeopleCroatia
3%

Score Distribution

Percentile by Number Answered

Percent of People with Each Score

Your Score History

You have not taken this quiz